Geologický průzkum odborný časopis pro techniku, metodiku a ekonomiku průzkumu a otázky surovinového hospodářství
| Previous Title: | Uhlí - Rudy - Geologický průzkum Uhlí - Rudy |
|---|---|
| Format: | Journal |
| Language: | Czech |
| PhysicalDescription: | 35 sv. 31 cm |
| Published: |
Praha
Státní nakladatelství technické literatury
1959-1993
|
| ISSN: | 0016-772X 1210-7697 1210-1699 |
| Subjects: |
MARC
| LEADER | 00000cas a2200000 a 4500 | ||
|---|---|---|---|
| 001 | vtls008883116 | ||
| 003 | SK-MaSNL | ||
| 005 | 20260228162117.0 | ||
| 008 | 020904d19591993CZ mr p 0 1 b0cze c | ||
| 022 | |a 0016-772X | ||
| 035 | |a (SVKBB03)vtls000126591 | ||
| 040 | |a SVKBB |b slo |c SVKBB |d SNK |e AACR2 | ||
| 041 | 0 | |a cze | |
| 044 | |a xr |c CZ | ||
| 072 | 7 | |a 551 |x Geológia. Meteorológia. Klimatológia |2 konspekt | |
| 072 | 7 | |a 62 |x Technika všeobecne |2 konspekt | |
| 080 | |a 551.1/.4 |2 2011 | ||
| 080 | |a 62 |2 2011 | ||
| 080 | |a (051)-027.561 |2 2011 | ||
| 080 | |a 050 |2 2011 | ||
| 210 | 0 | |a Geol. průzkum | |
| 222 | 0 | |a Geologický průzkum | |
| 245 | 0 | 0 | |a Geologický průzkum |b odborný časopis pro techniku, metodiku a ekonomiku průzkumu a otázky surovinového hospodářství |
| 260 | |a Praha |b Státní nakladatelství technické literatury |c 1959-1993 | ||
| 300 | |a 35 sv. |c 31 cm | ||
| 310 | |a 1x mesačne | ||
| 362 | 0 | |a Roč. 1, č. 1 (1959)-roč. 35, č. 10 (1993) | |
| 500 | |a Podnázov: technický a hospodářský měsíčník Českého geologického úřadu a Slovenského geologického úradu ; podnázev v tiráži 9-10/93: odborný časopis pro techniku, metodiku a ekonomiku průzkumu a otázky surovinového hospodářství | ||
| 550 | |a 1959-1968 vydáva Ústřední geologický ústav, Praha | ||
| 550 | |a 1969-1991 vydáva Český geologický a Slovenský geologický úrad | ||
| 550 | |a Od roku 1992 vydáva Ministerstvo pro hospodářskou politiku a rozvoj ČR a Slovenský geologický úrad, Praha | ||
| 650 | 0 | 7 | |a geológia |2 SNKPH |9 167377 |
| 650 | 0 | 7 | |a Geology |2 SNKPHeng |9 267026 |
| 650 | 0 | 7 | |a technika |2 SNKPH |9 671 |
| 650 | 0 | 7 | |a Technic |2 SNKPHeng |9 267208 |
| 655 | 7 | |a odborné časopisy |2 SNKPH |9 70505 | |
| 655 | 7 | |a Professional journals |2 SNKPHeng |9 265007 | |
| 710 | 2 | |a Český geologický úřad |4 pbl |9 270384 | |
| 710 | 2 | |a Slovenský geologický úrad |4 pbl |9 270385 | |
| 780 | 0 | 4 | |t Uhlí - Rudy - Geologický průzkum |x 1210-7697 |
| 780 | 0 | 4 | |t Uhlí - Rudy |x 1210-1699 |
| 910 | |a snk | ||
| 999 | |c 6834 |d 8764 | ||
| 952 | |0 0 |1 1 |4 0 |7 0 |a SNK |b SNK |d 1999-03-25 |l 0 |o snkČB 2615/32/1990 |p 17A0187161 |r 2005-01-02 00:00:00 |t č. 1-12 |w 2026-02-21 |y PREZ | ||


